000 00532nam a2200181Ia 4500
003 GCL
008 140319s9999 xx 000 0 ara d
040 _aGCL /
_cGCL
082 0 4 _a813.03
_bن ح
100 1 _aنجيب محفوظ
245 1 0 _aحول الدين والديمقراطية /
_cنجيب محفوظ
260 _a[S.N] :
_bالدار المصرية اللبنانية ،
_c1990
300 _a239 ص
490 _a
650 0 4 _aالادب العربى
650 0 4 _aمقالات ومحاضرات
942 _2ddc
_cBK
999 _c33467
_d33467